Finančné aspekty krízového riadenia podniku dizertačná práca

Na minha lista:
Detalhes bibliográficos
Autor principal: Fedorková, Katarína
Autor Corporativo: Fakulta podnikového manažmentu EU. Katedra podnikových financií
Outros Autores: Fetisovová, Elena
Formato: Livro
Idioma:eslovaco
Publicado em: Bratislava 2017
Assuntos:
Tags: Adicionar Tag
Sem tags, seja o primeiro a adicionar uma tag!

MARC

LEADER 00000nbm a2200000 4500
001 0232133
005 20240502073804.0
041 0 |a slo 
044 |a SK 
245 1 0 |a Finančné aspekty krízového riadenia podniku  |b dizertačná práca  |c Katarína Fedorková ; školiteľ: Elena Fetisovová 
264 1 |a Bratislava  |c 2017 
300 |a 127 s. 
610 2 0 |a manažment krízový 
610 2 0 |a riadenie finančné 
610 2 0 |a situácia finančná podniku 
610 2 0 |a reštrukturalizácia 
610 2 0 |a reštrukturalizácia finančná 
100 1 |a Fedorková, Katarína 
700 1 |a Fetisovová, Elena 
710 2 |a Fakulta podnikového manažmentu EU. Katedra podnikových financií